[Event "Göteborg Open 2016"]
[Site "Idrottsvägen 2, Mölnlycke, Sweden"]
[Date "2016.08.21"]
[Round "7.1"]
[White "Kazakovskiy, Valeriy"]
[Black "Golubka, Petro"]
[Result "1/2-1/2"]
[BlackElo "2373"]
[WhiteElo "2342"]
[LiveChessVersion "1.4.8"]

1. d4 {[%clk 1:30:57]} Nf6 {[%clk 1:26:06]} 2. Nf3 {[%clk 1:31:17]} d6
{[%clk 1:24:46]} 3. c4 {[%clk 1:31:20]} Nbd7 {[%clk 1:25:09]} 4. Nc3
{[%clk 1:31:21]} e5 {[%clk 1:25:18]} 5. Bg5 {[%clk 1:31:26]} Be7 {[%clk 1:25:36]}
6. e3 {[%clk 1:31:15]} O-O {[%clk 1:25:01]} 7. Qc2 {[%clk 1:31:09]} Nh5
{[%clk 1:22:00]} 8. Bxe7 {[%clk 1:28:36]} Qxe7 {[%clk 1:22:26]} 9. O-O-O
{[%clk 1:25:07]} c6 {[%clk 1:20:09]} 10. Be2 {[%clk 1:18:34]} Nhf6
{[%clk 1:19:54]} 11. h3 {[%clk 1:17:21]} e4 {[%clk 1:13:18]} 12. Nd2
{[%clk 1:17:13]} d5 {[%clk 1:13:37]} 13. g4 {[%clk 1:14:37]} Nb6 {[%clk 1:01:11]}
14. Rdg1 {[%clk 1:06:11]} dxc4 {[%clk 0:57:20]} 15. Ndxe4 {[%clk 0:53:12]} Nxe4
{[%clk 0:54:57]} 16. Qxe4 {[%clk 0:52:05]} Be6 {[%clk 0:54:13]} 17. Kb1
{[%clk 0:38:24]} a5 {[%clk 0:48:20]} 18. f4 {[%clk 0:34:54]} Qd7 {[%clk 0:42:09]}
19. Qc2 {[%clk 0:33:08]} f6 {[%clk 0:42:13]} 20. f5 {[%clk 0:32:33]} Bf7
{[%clk 0:42:39]} 21. g5 {[%clk 0:32:20]} Kh8 {[%clk 0:42:16]} 22. Rg3
{[%clk 0:30:15]} Rae8 {[%clk 0:41:09]} 23. Rhg1 {[%clk 0:26:18]} g6
{[%clk 0:34:34]} 24. Ne4 {[%clk 0:18:19]} Nd5 {[%clk 0:34:38]} 25. Nc5
{[%clk 0:14:54]} Qxf5 {[%clk 0:34:58]} 26. e4 {[%clk 0:14:23]} Qf2
{[%clk 0:35:23]} 27. Bxc4 {[%clk 0:09:43]} Qxd4 {[%clk 0:34:12]} 28. Bxd5
{[%clk 0:06:54]} cxd5 {[%clk 0:34:33]} 29. Nd7 {[%clk 0:05:42]} Rc8
{[%clk 0:34:09]} 30. Qd1 {[%clk 0:05:50]} Qxd1+ {[%clk 0:30:38]} 31. Rxd1
{[%clk 0:05:10]} Rfd8 {[%clk 0:31:06]} 32. Nxf6 {[%clk 0:05:15]} dxe4
{[%clk 0:29:54]} 33. Rxd8+ {[%clk 0:05:16]} Rxd8 {[%clk 0:30:21]} 34. Nxe4
{[%clk 0:04:51]} Be6 {[%clk 0:30:34]} 1/2-1/2

[Event "Göteborg Open 2016"]
[Site "Idrottsvägen 2, Mölnlycke, Sweden"]
[Date "2016.08.21"]
[Round "7.2"]
[White "Winsnes, Rikard"]
[Black "Åkesson, Joel"]
[Result "1/2-1/2"]
[BlackElo "2294"]
[WhiteElo "2395"]
[LiveChessVersion "1.4.8"]

1. e4 {[%clk 1:30:58]} d6 {[%clk 1:24:27]} 2. d4 {[%clk 1:31:08]} Nf6
{[%clk 1:24:52]} 3. Nc3 {[%clk 1:31:33]} e5 {[%clk 1:25:15]} 4. Nf3
{[%clk 1:31:38]} Nbd7 {[%clk 1:25:37]} 5. Bc4 {[%clk 1:30:21]} Be7
{[%clk 1:25:06]} 6. O-O {[%clk 1:29:38]} O-O {[%clk 1:25:08]} 7. Re1
{[%clk 1:29:24]} c6 {[%clk 1:25:01]} 8. a4 {[%clk 1:29:47]} b6 {[%clk 1:23:02]}
9. d5 {[%clk 1:28:38]} cxd5 {[%clk 1:19:55]} 10. Nxd5 {[%clk 1:24:49]} Nxd5
{[%clk 1:18:55]} 11. Bxd5 {[%clk 1:20:23]} Rb8 {[%clk 1:18:52]} 12. Qd3
{[%clk 1:04:25]} Nf6 {[%clk 1:07:49]} 13. Bb3 {[%clk 1:00:02]} Bb7
{[%clk 0:59:54]} 14. Bg5 {[%clk 0:56:50]} h6 {[%clk 0:52:33]} 15. Bxf6
{[%clk 0:56:41]} Bxf6 {[%clk 0:52:57]} 16. Rad1 {[%clk 0:54:40]} Be7
{[%clk 0:52:54]} 17. Nd2 {[%clk 0:55:00]} Qc7 {[%clk 0:47:13]} 18. Nf1
{[%clk 0:53:15]} Rbd8 {[%clk 0:44:23]} 19. Ne3 {[%clk 0:50:43]} g6
{[%clk 0:41:52]} 20. Bd5 {[%clk 0:45:45]} Bc8 {[%clk 0:42:04]} 21. Bb3
{[%clk 0:31:16]} Bb7 {[%clk 0:42:17]} 22. Bd5 {[%clk 0:31:11]} Bc8
{[%clk 0:42:43]} 23. Bb3 1/2-1/2

[Event "Göteborg Open 2016"]
[Site "Idrottsvägen 2, Mölnlycke, Sweden"]
[Date "2016.08.21"]
[Round "7.3"]
[White "Mohammadi, Amir"]
[Black "Greenfeld, Alon"]
[Result "1/2-1/2"]
[BlackElo "2568"]
[WhiteElo "2288"]
[LiveChessVersion "1.4.8"]

1. e4 {[%clk 1:30:57]} c5 {[%clk 1:23:12]} 2. Nc3 {[%clk 1:30:49]} Nc6
{[%clk 1:23:27]} 3. g3 {[%clk 1:31:14]} g6 {[%clk 1:23:46]} 4. Bg2
{[%clk 1:31:38]} Bg7 {[%clk 1:24:12]} 5. d3 {[%clk 1:32:02]} d6 {[%clk 1:23:46]}
6. Be3 {[%clk 1:32:16]} Nf6 {[%clk 1:23:37]} 7. h3 {[%clk 1:28:18]} Rb8
{[%clk 1:21:33]} 8. Qd2 {[%clk 1:27:48]} b5 {[%clk 1:18:04]} 9. Bh6
{[%clk 1:24:05]} Bxh6 {[%clk 1:16:20]} 10. Qxh6 {[%clk 1:24:29]} Nd4
{[%clk 1:15:03]} 11. Qd2 {[%clk 1:21:45]} e5 {[%clk 1:08:24]} 12. Nce2
{[%clk 1:13:47]} O-O {[%clk 1:03:26]} 13. c3 {[%clk 1:12:26]} Nxe2
{[%clk 0:42:53]} 14. Nxe2 {[%clk 1:12:42]} Bb7 {[%clk 0:43:09]} 15. Qe3
{[%clk 1:10:26]} d5 {[%clk 0:42:12]} 16. O-O {[%clk 1:05:28]} Qc7
{[%clk 0:37:26]} 17. a4 {[%clk 0:58:15]} c4 {[%clk 0:36:10]} 18. d4
{[%clk 0:38:03]} bxa4 {[%clk 0:35:49]} 19. dxe5 {[%clk 0:33:08]} Nxe4
{[%clk 0:34:33]} 20. Rxa4 {[%clk 0:33:20]} a6 {[%clk 0:34:26]} 21. Nd4
{[%clk 0:31:59]} Qxe5 {[%clk 0:30:36]} 22. Bxe4 {[%clk 0:25:43]} Qxe4
{[%clk 0:26:31]} 23. Qxe4 {[%clk 0:25:56]} dxe4 {[%clk 0:26:54]} 24. Rxc4
{[%clk 0:26:20]} Bc8 {[%clk 0:26:59]} 25. Nc6 {[%clk 0:12:17]} Be6
{[%clk 0:25:20]} 26. Rb4 {[%clk 0:10:10]} Rxb4 {[%clk 0:24:34]} 27. Nxb4
{[%clk 0:10:37]} a5 {[%clk 0:21:35]} 28. Nc6 {[%clk 0:10:39]} a4 {[%clk 0:21:21]}
29. Ra1 {[%clk 0:10:21]} Ra8 {[%clk 0:13:51]} 30. h4 {[%clk 0:10:41]} Bd7
{[%clk 0:13:40]} 31. Nb4 {[%clk 0:10:21]} Kg7 {[%clk 0:11:50]} 32. Kf1
{[%clk 0:08:06]} Bg4 {[%clk 0:11:55]} 33. Ke1 {[%clk 0:07:47]} Rd8
{[%clk 0:09:25]} 34. Nc6 {[%clk 0:06:25]} Rd5 {[%clk 0:07:20]} 35. Nd4
{[%clk 0:06:38]} Bd7 {[%clk 0:07:14]} 36. Ke2 {[%clk 0:06:53]} 1/2-1/2

[Event "Göteborg Open 2016"]
[Site "Idrottsvägen 2, Mölnlycke, Sweden"]
[Date "2016.08.21"]
[Round "7.4"]
[White "Blomqvist, Erik"]
[Black "Petersson, Baldur Teodor"]
[Result "1-0"]
[BlackElo "2019"]
[WhiteElo "2557"]
[LiveChessVersion "1.4.8"]

1. Nf3 {[%clk 1:30:17]} Nf6 {[%clk 1:30:30]} 2. c4 {[%clk 1:30:38]} g6
{[%clk 1:30:39]} 3. Nc3 {[%clk 1:30:59]} Bg7 {[%clk 1:30:57]} 4. g3
{[%clk 1:31:21]} O-O {[%clk 1:30:49]} 5. Bg2 {[%clk 1:31:42]} d6 {[%clk 1:30:52]}
6. d4 {[%clk 1:31:52]} Nbd7 {[%clk 1:29:27]} 7. O-O {[%clk 1:32:11]} e5
{[%clk 1:28:58]} 8. e3 {[%clk 1:32:20]} c6 {[%clk 1:24:36]} 9. a4
{[%clk 1:24:30]} a5 {[%clk 1:17:26]} 10. b3 {[%clk 1:20:15]} Re8 {[%clk 1:11:10]}
11. Ba3 {[%clk 1:18:26]} Bf8 {[%clk 1:08:29]} 12. Rc1 {[%clk 1:10:08]} Qc7
{[%clk 0:53:37]} 13. Qc2 {[%clk 1:07:16]} Nb8 {[%clk 0:40:24]} 14. c5
{[%clk 0:56:08]} exd4 {[%clk 0:34:54]} 15. cxd6 {[%clk 0:52:10]} Bxd6
{[%clk 0:35:16]} 16. Nb5 {[%clk 0:48:24]} cxb5 {[%clk 0:35:36]} 17. Qxc7
{[%clk 0:48:47]} Bxc7 {[%clk 0:35:59]} 18. Rxc7 {[%clk 0:49:13]} dxe3
{[%clk 0:31:45]} 19. fxe3 {[%clk 0:43:33]} Nd5 {[%clk 0:30:13]} 20. Rxf7
{[%clk 0:43:00]} Nxe3 {[%clk 0:27:23]} 21. Ng5 {[%clk 0:42:12]} Nxf1
{[%clk 0:18:13]} 22. Bd5 {[%clk 0:40:30]} Re5 {[%clk 0:18:33]} 23. Rf8+
{[%clk 0:40:09]} Kg7 {[%clk 0:18:56]} 24. Rg8+ {[%clk 0:40:31]} Kf6
{[%clk 0:19:00]} 25. Nxh7+ {[%clk 0:40:31]} Kf5 {[%clk 0:19:23]} 26. Rf8+
{[%clk 0:40:47]} Kg4 {[%clk 0:19:41]} 27. Rf4+ {[%clk 0:41:08]} 1-0

[Event "Göteborg Open 2016"]
[Site "Idrottsvägen 2, Mölnlycke, Sweden"]
[Date "2016.08.21"]
[Round "7.5"]
[White "Arduin, Antoine"]
[Black "Hector, Jonny"]
[Result "0-1"]
[BlackElo "2518"]
[WhiteElo "2150"]
[LiveChessVersion "1.4.8"]

1. Nf3 {[%clk 1:30:00]} d5 {[%clk 1:30:34]} 2. c4 {[%clk 1:30:09]} d4
{[%clk 1:30:15]} 3. b4 {[%clk 1:30:05]} g5 {[%clk 1:29:01]} 4. Bb2
{[%clk 1:26:53]} Bg7 {[%clk 1:26:50]} 5. e3 {[%clk 1:22:53]} e5 {[%clk 1:25:37]}
6. exd4 {[%clk 1:21:08]} exd4 {[%clk 1:25:29]} 7. Bd3 {[%clk 1:20:23]} g4
{[%clk 1:22:37]} 8. Qe2+ {[%clk 1:19:43]} Ne7 {[%clk 1:11:32]} 9. Ne5
{[%clk 1:15:37]} O-O {[%clk 1:06:57]} 10. O-O {[%clk 0:27:46]} Nbc6
{[%clk 0:58:41]} 11. Nxc6 {[%clk 0:24:22]} Nxc6 {[%clk 0:58:31]} 12. Re1
{[%clk 0:13:12]} Nxb4 {[%clk 0:55:14]} 13. Na3 {[%clk 0:10:07]} c5
{[%clk 0:48:57]} 14. Qf1 {[%clk 0:09:42]} Qg5 {[%clk 0:43:33]} 15. Rad1
{[%clk 0:06:37]} Nxd3 {[%clk 0:39:52]} 16. Qxd3 {[%clk 0:06:53]} Bf5
{[%clk 0:39:55]} 17. Qb3 {[%clk 0:05:58]} Rae8 {[%clk 0:39:54]} 18. d3
{[%clk 0:04:20]} Rxe1+ {[%clk 0:38:56]} 19. Rxe1 {[%clk 0:04:48]} Qd2
{[%clk 0:38:53]} 20. Rd1 {[%clk 0:05:06]} Re8 {[%clk 0:38:32]} 21. g3
{[%clk 0:05:20]} Re1+ {[%clk 0:36:25]} 22. Rxe1 {[%clk 0:05:48]} Qxe1+
{[%clk 0:36:46]} 23. Kg2 {[%clk 0:06:15]} b6 {[%clk 0:35:01]} 24. Nb5
{[%clk 0:06:27]} Qe2 {[%clk 0:34:38]} 25. Nd6 {[%clk 0:00:32]} Bxd3
{[%clk 0:29:19]} 0-1

[Event "Göteborg Open 2016"]
[Site "Idrottsvägen 2, Mölnlycke, Sweden"]
[Date "2016.08.21"]
[Round "7.6"]
[White "Fries-Nielsen, Jens Ove"]
[Black "Antonsen, Mikkel"]
[Result "1/2-1/2"]
[BlackElo "2475"]
[WhiteElo "2369"]
[LiveChessVersion "1.4.8"]

1. d4 {[%clk 1:26:46]} d5 {[%clk 1:30:55]} 2. Nf3 {[%clk 1:26:37]} Nf6
{[%clk 1:31:14]} 3. Nbd2 {[%clk 1:26:24]} Bf5 {[%clk 1:30:27]} 4. Nh4
{[%clk 1:26:22]} Bc8 {[%clk 1:28:22]} 5. e3 {[%clk 1:18:33]} c5 {[%clk 1:26:33]}
6. c3 {[%clk 1:17:09]} Nc6 {[%clk 1:26:19]} 7. f4 {[%clk 1:15:32]} Ng4
{[%clk 1:22:40]} 8. Ndf3 {[%clk 1:12:36]} e6 {[%clk 1:22:12]} 9. Ng5
{[%clk 1:10:47]} Nf6 {[%clk 1:21:32]} 10. Nhf3 {[%clk 1:05:03]} h6
{[%clk 1:21:38]} 11. Nh3 {[%clk 1:05:32]} Ne4 {[%clk 1:19:28]} 12. Bd3
{[%clk 1:01:33]} g5 {[%clk 1:09:35]} 13. Nd2 {[%clk 0:59:44]} 1/2-1/2

[Event "Göteborg Open 2016"]
[Site "Idrottsvägen 2, Mölnlycke, Sweden"]
[Date "2016.08.21"]
[Round "7.7"]
[White "Westerberg, Jonathan"]
[Black "Fransson, Lennart"]
[Result "1-0"]
[BlackElo "2124"]
[WhiteElo "2488"]
[LiveChessVersion "1.4.8"]

1. d4 {[%clk 1:30:35]} f5 {[%clk 1:29:09]} 2. g3 {[%clk 1:30:26]} Nf6
{[%clk 1:29:33]} 3. Bg2 {[%clk 1:30:48]} e6 {[%clk 1:29:58]} 4. Nf3
{[%clk 1:31:11]} Be7 {[%clk 1:30:22]} 5. O-O {[%clk 1:31:34]} O-O
{[%clk 1:30:46]} 6. c4 {[%clk 1:31:58]} d6 {[%clk 1:31:03]} 7. Nc3
{[%clk 1:32:23]} Qe8 {[%clk 1:30:52]} 8. Re1 {[%clk 1:28:55]} Qh5
{[%clk 1:22:57]} 9. e4 {[%clk 1:21:38]} fxe4 {[%clk 1:22:21]} 10. Nxe4
{[%clk 1:21:53]} Nxe4 {[%clk 1:21:56]} 11. Rxe4 {[%clk 1:22:15]} Nc6
{[%clk 1:19:45]} 12. d5 {[%clk 1:13:20]} Ne5 {[%clk 1:12:47]} 13. Bf4
{[%clk 1:07:02]} Ng6 {[%clk 1:07:15]} 14. dxe6 {[%clk 1:03:50]} Nxf4
{[%clk 1:04:44]} 15. gxf4 {[%clk 1:04:07]} Qh6 {[%clk 0:59:35]} 16. Nd4
{[%clk 0:43:17]} Rxf4 {[%clk 0:55:33]} 17. Qd3 {[%clk 0:40:21]} a6
{[%clk 0:53:06]} 18. Rxf4 {[%clk 0:40:16]} Qxf4 {[%clk 0:53:28]} 19. Re1
{[%clk 0:26:58]} g6 {[%clk 0:48:39]} 20. Re3 {[%clk 0:15:29]} Rb8
{[%clk 0:35:38]} 21. Ne2 {[%clk 0:12:30]} Qh4 {[%clk 0:29:18]} 22. Nc3
{[%clk 0:10:18]} c6 {[%clk 0:17:36]} 23. Qe2 {[%clk 0:09:46]} Qf6
{[%clk 0:13:17]} 24. Rf3 {[%clk 0:06:13]} Qh4 {[%clk 0:10:35]} 25. Rf7
{[%clk 0:04:17]} Bd7 {[%clk 0:10:00]} 26. Rxe7 {[%clk 0:03:44]} Qxe7
{[%clk 0:10:27]} 27. exd7 {[%clk 0:04:11]} Qxd7 {[%clk 0:10:44]} 28. Ne4
{[%clk 0:04:35]} Qe6 {[%clk 0:09:03]} 29. Qd3 {[%clk 0:03:05]} Rd8
{[%clk 0:09:00]} 30. h4 {[%clk 0:02:42]} b5 {[%clk 0:08:16]} 31. cxb5
{[%clk 0:02:24]} axb5 {[%clk 0:08:36]} 32. Qc3 {[%clk 0:02:21]} b4
{[%clk 0:06:51]} 33. Qxc6 {[%clk 0:02:16]} Rc8 {[%clk 0:05:59]} 34. Qxd6
{[%clk 0:01:50]} Rc1+ {[%clk 0:05:52]} 35. Kh2 {[%clk 0:02:18]} Qxd6+
{[%clk 0:06:16]} 36. Nxd6 {[%clk 0:02:47]} Rc2 {[%clk 0:06:35]} 37. Kg3
{[%clk 0:01:25]} Rxb2 {[%clk 0:06:55]} 38. Bd5+ {[%clk 0:01:49]} Kf8
{[%clk 0:06:58]} 39. Ne4 {[%clk 0:01:47]} Rb1 {[%clk 0:06:49]} 40. Bb3
{[%clk 0:01:28]} Kg7 {[%clk 0:06:17]} 41. Ng5 {[%clk 0:01:10]} Re1
{[%clk 0:06:19]} 42. Ne6+ {[%clk 0:01:35]} Kf6 {[%clk 0:06:38]} 43. Nf4
{[%clk 0:01:54]} Re8 {[%clk 0:06:54]} 44. Nd5+ {[%clk 0:02:19]} Ke5
{[%clk 0:06:22]} 45. Nxb4 {[%clk 0:02:44]} Rc8 {[%clk 0:06:41]} 46. Nd5
{[%clk 0:03:02]} 1-0

[Event "Göteborg Open 2016"]
[Site "Idrottsvägen 2, Mölnlycke, Sweden"]
[Date "2016.08.21"]
[Round "7.8"]
[White "Hultin, Johan"]
[Black "Ask, Josef"]
[Result "0-1"]
[BlackElo "2208"]
[WhiteElo "2340"]
[LiveChessVersion "1.4.8"]

1. d4 {[%clk 1:28:50]} Nf6 {[%clk 1:30:53]} 2. Bg5 {[%clk 1:29:12]} d5
{[%clk 1:31:15]} 3. Bxf6 {[%clk 1:29:37]} exf6 {[%clk 1:31:40]} 4. e3
{[%clk 1:30:01]} Be6 {[%clk 1:31:56]} 5. g3 {[%clk 1:28:44]} c6 {[%clk 1:31:59]}
6. Bg2 {[%clk 1:28:23]} f5 {[%clk 1:31:56]} 7. Ne2 {[%clk 1:28:40]} Bd6
{[%clk 1:31:51]} 8. Nd2 {[%clk 1:28:13]} Nd7 {[%clk 1:31:58]} 9. O-O
{[%clk 1:28:18]} g5 {[%clk 1:28:04]} 10. c4 {[%clk 1:27:37]} dxc4
{[%clk 1:23:44]} 11. Qc2 {[%clk 1:25:57]} Nb6 {[%clk 1:22:08]} 12. a4
{[%clk 1:24:47]} a5 {[%clk 1:21:16]} 13. b3 {[%clk 1:24:26]} cxb3
{[%clk 1:20:35]} 14. Nxb3 {[%clk 1:24:49]} O-O {[%clk 1:09:40]} 15. Nc5
{[%clk 1:10:03]} Bxc5 {[%clk 1:08:51]} 16. dxc5 {[%clk 1:10:09]} Nd5
{[%clk 1:08:44]} 17. Nd4 {[%clk 0:58:02]} Nb4 {[%clk 1:08:06]} 18. Qb1
{[%clk 0:48:39]} Qf6 {[%clk 1:04:58]} 19. f4 {[%clk 0:41:32]} g4 {[%clk 1:04:35]}
20. h3 {[%clk 0:36:44]} h5 {[%clk 1:04:21]} 21. Nc2 {[%clk 0:25:50]} Bc4
{[%clk 1:02:08]} 22. Rd1 {[%clk 0:24:25]} Bd3 {[%clk 1:02:11]} 23. Rxd3
{[%clk 0:24:08]} Nxd3 {[%clk 1:02:37]} 24. Nd4 {[%clk 0:24:10]} Nxc5
{[%clk 1:01:50]} 25. Nxf5 {[%clk 0:24:38]} Rad8 {[%clk 1:01:14]} 26. hxg4
{[%clk 0:24:50]} hxg4 {[%clk 1:01:29]} 27. e4 {[%clk 0:24:57]} Qc3
{[%clk 0:59:11]} 28. Qf1 {[%clk 0:22:25]} Rd2 {[%clk 0:55:13]} 29. Rc1
{[%clk 0:21:05]} Rc2 {[%clk 0:52:19]} 30. Rd1 {[%clk 0:20:40]} Re8
{[%clk 0:51:20]} 31. e5 {[%clk 0:20:15]} Rd2 {[%clk 0:50:11]} 32. Rc1
{[%clk 0:14:34]} Qd3 {[%clk 0:49:08]} 33. Nh6+ {[%clk 0:08:08]} Kg7
{[%clk 0:48:48]} 34. Nxg4 {[%clk 0:08:24]} Qd4+ {[%clk 0:47:48]} 35. Kh1
{[%clk 0:07:32]} Rh8+ {[%clk 0:48:02]} 36. Bh3 {[%clk 0:07:58]} Nd3
{[%clk 0:47:34]} 37. Rb1 {[%clk 0:08:06]} Nf2+ {[%clk 0:46:58]} 0-1

[Event "Göteborg Open 2016"]
[Site "Idrottsvägen 2, Mölnlycke, Sweden"]
[Date "2016.08.21"]
[Round "7.9"]
[White "Nygren, Kim"]
[Black "Eriksson, Kristian"]
[Result "1-0"]
[BlackElo "2054"]
[WhiteElo "2240"]
[LiveChessVersion "1.4.8"]

1. e4 {[%clk 1:30:55]} e5 {[%clk 1:30:22]} 2. f4 {[%clk 1:31:17]} d5
{[%clk 1:29:44]} 3. exd5 {[%clk 1:29:00]} e4 {[%clk 1:29:15]} 4. Nc3
{[%clk 1:27:38]} Nf6 {[%clk 1:29:03]} 5. Qe2 {[%clk 1:21:29]} Be7
{[%clk 1:18:58]} 6. b3 {[%clk 1:20:06]} O-O {[%clk 1:17:20]} 7. Bb2
{[%clk 1:18:57]} Nxd5 {[%clk 1:11:41]} 8. O-O-O {[%clk 1:18:43]} Nxf4
{[%clk 0:58:19]} 9. Qxe4 {[%clk 1:18:49]} Bd6 {[%clk 0:55:48]} 10. Nh3
{[%clk 1:13:11]} Re8 {[%clk 0:48:05]} 11. Qf3 {[%clk 1:13:02]} Ng6
{[%clk 0:44:31]} 12. d4 {[%clk 0:47:38]} Nd7 {[%clk 0:39:14]} 13. Bc4
{[%clk 0:46:46]} Nf6 {[%clk 0:37:25]} 14. Rde1 {[%clk 0:45:41]} c6
{[%clk 0:25:29]} 15. Kb1 {[%clk 0:45:48]} Bg4 {[%clk 0:24:42]} 16. Qf2
{[%clk 0:44:51]} b5 {[%clk 0:22:34]} 17. Bd3 {[%clk 0:44:20]} Qd7
{[%clk 0:19:05]} 18. Ng5 {[%clk 0:43:58]} Rxe1+ {[%clk 0:17:44]} 19. Rxe1
{[%clk 0:44:03]} Re8 {[%clk 0:17:31]} 20. Rf1 {[%clk 0:42:51]} Nf4
{[%clk 0:14:34]} 21. Nce4 {[%clk 0:41:43]} Nxd3 {[%clk 0:10:27]} 22. cxd3
{[%clk 0:38:38]} Nxe4 {[%clk 0:09:43]} 23. Nxe4 {[%clk 0:37:05]} Bh5
{[%clk 0:07:48]} 24. d5 {[%clk 0:35:28]} Be5 {[%clk 0:06:36]} 25. Bxe5
{[%clk 0:34:01]} Rxe5 {[%clk 0:06:51]} 26. Qg3 {[%clk 0:34:25]} Qe7
{[%clk 0:03:39]} 27. d6 {[%clk 0:33:20]} Qe6 {[%clk 0:03:24]} 28. d7
{[%clk 0:33:28]} 1-0

[Event "Göteborg Open 2016"]
[Site "Idrottsvägen 2, Mölnlycke, Sweden"]
[Date "2016.08.21"]
[Round "7.10"]
[White "Verendel, Jan"]
[Black "Nilsson, Patrik"]
[Result "0-1"]
[BlackElo "2150"]
[WhiteElo "1981"]
[LiveChessVersion "1.4.8"]

1. d4 {[%clk 1:29:16]} f5 {[%clk 1:30:40]} 2. Bg5 {[%clk 1:29:31]} Nf6
{[%clk 1:27:50]} 3. Bxf6 {[%clk 1:29:45]} exf6 {[%clk 1:28:09]} 4. c4
{[%clk 1:29:13]} d5 {[%clk 1:24:06]} 5. e3 {[%clk 1:28:06]} Be6 {[%clk 1:17:44]}
6. Qb3 {[%clk 1:26:15]} Nc6 {[%clk 1:14:14]} 7. Nc3 {[%clk 1:22:23]} Bb4
{[%clk 1:06:03]} 8. Nh3 {[%clk 1:07:36]} Qd6 {[%clk 0:51:09]} 9. c5
{[%clk 0:56:46]} Qd7 {[%clk 0:50:04]} 10. Nf4 {[%clk 0:52:22]} Bf7
{[%clk 0:49:00]} 11. Nd3 {[%clk 0:50:52]} a5 {[%clk 0:45:27]} 12. a3
{[%clk 0:48:09]} Bxc3+ {[%clk 0:42:06]} 13. bxc3 {[%clk 0:48:19]} O-O
{[%clk 0:39:29]} 14. Be2 {[%clk 0:46:51]} Rfe8 {[%clk 0:34:58]} 15. g3
{[%clk 0:45:10]} Qe6 {[%clk 0:28:43]} 16. Bf3 {[%clk 0:44:26]} g5
{[%clk 0:28:40]} 17. Qd1 {[%clk 0:35:13]} Kg7 {[%clk 0:27:16]} 18. Rb1
{[%clk 0:34:23]} Rab8 {[%clk 0:27:03]} 19. a4 {[%clk 0:30:43]} h5
{[%clk 0:22:02]} 20. Kd2 {[%clk 0:27:57]} Ne7 {[%clk 0:16:57]} 21. Rb5
{[%clk 0:25:30]} f4 {[%clk 0:13:15]} 22. gxf4 {[%clk 0:23:31]} g4
{[%clk 0:13:28]} 23. Bg2 {[%clk 0:22:06]} Nf5 {[%clk 0:12:59]} 24. Re1
{[%clk 0:21:37]} Bg6 {[%clk 0:10:21]} 25. Qb1 {[%clk 0:19:21]} Nh4
{[%clk 0:09:16]} 26. Bh1 {[%clk 0:18:21]} Be4 {[%clk 0:08:57]} 27. Rxb7
{[%clk 0:14:34]} Qa6 {[%clk 0:08:12]} 28. Rb5 {[%clk 0:12:11]} c6
{[%clk 0:08:27]} 29. Rb6 {[%clk 0:11:11]} Rxb6 {[%clk 0:04:21]} 30. cxb6
{[%clk 0:11:33]} Rb8 {[%clk 0:03:46]} 31. Bxe4 {[%clk 0:08:45]} Rxb6
{[%clk 0:02:09]} 32. Nc5 {[%clk 0:08:20]} Rxb1 {[%clk 0:02:14]} 33. Nxa6
{[%clk 0:08:34]} Rxe1 {[%clk 0:01:25]} 34. Kxe1 {[%clk 0:08:56]} dxe4
{[%clk 0:01:51]} 35. Kf1 {[%clk 0:08:47]} Nf3 {[%clk 0:02:13]} 36. Kg2
{[%clk 0:08:49]} Ne1+ {[%clk 0:01:22]} 37. Kg3 {[%clk 0:08:27]} Nd3
{[%clk 0:01:01]} 38. f5 {[%clk 0:07:14]} Kh6 {[%clk 0:00:47]} 39. Nb8
{[%clk 0:05:56]} Kg5 {[%clk 0:00:41]} 40. h4+ {[%clk 0:04:05]} gxh3
{[%clk 0:00:59]} 41. Nxc6 {[%clk 0:04:04]} h4+ {[%clk 0:01:01]} 42. Kxh3
{[%clk 0:04:16]} Nxf2+ {[%clk 0:01:24]} 43. Kh2 {[%clk 0:04:10]} Ng4+
{[%clk 0:01:43]} 44. Kh1 {[%clk 0:03:25]} h3 {[%clk 0:01:50]} 45. d5
{[%clk 0:03:13]} Kxf5 {[%clk 0:01:16]} 46. d6 {[%clk 0:03:14]} Ke6
{[%clk 0:01:31]} 47. d7 {[%clk 0:02:49]} Kxd7 {[%clk 0:01:52]} 48. Nxa5
{[%clk 0:03:04]} Nxe3 {[%clk 0:01:33]} 49. Kh2 {[%clk 0:03:20]} Nd5
{[%clk 0:01:46]} 50. c4 {[%clk 0:03:09]} e3 {[%clk 0:01:30]} 51. Nb3
{[%clk 0:03:24]} e2 {[%clk 0:01:36]} 52. Nc5+ {[%clk 0:03:35]} Kc6
{[%clk 0:01:50]} 53. Nd3 {[%clk 0:03:53]} Nf4 {[%clk 0:02:08]} 54. Ne1
{[%clk 0:03:47]} Kc5 {[%clk 0:01:23]} 55. a5 {[%clk 0:04:12]} Ng2
{[%clk 0:00:56]} 56. Nf3 {[%clk 0:04:02]} e1=Q {[%clk 0:01:10]} 57. Nxe1
{[%clk 0:04:28]} Nxe1 {[%clk 0:01:34]} 58. Kxh3 {[%clk 0:04:53]} Nc2
{[%clk 0:01:51]} 59. Kg4 {[%clk 0:05:00]} Kd6 {[%clk 0:00:57]} 60. a6
{[%clk 0:04:04]} Ne3+ {[%clk 0:01:06]} 61. Kf4 {[%clk 0:03:16]} Nxc4
{[%clk 0:01:29]} 62. a7 {[%clk 0:03:32]} Nb6 {[%clk 0:01:55]} 63. Ke4
{[%clk 0:03:36]} Ke6 {[%clk 0:02:00]} 64. Kd4 {[%clk 0:03:57]} Kd6
{[%clk 0:01:34]} 65. Ke4 {[%clk 0:04:20]} Na8 {[%clk 0:01:58]} 66. Kf5
{[%clk 0:04:28]} Ke7 {[%clk 0:02:23]} 67. Kf4 {[%clk 0:04:45]} Ke6
{[%clk 0:02:49]} 68. Ke4 {[%clk 0:05:10]} f5+ {[%clk 0:03:12]} 69. Kf4
{[%clk 0:05:28]} Kf6 {[%clk 0:03:36]} 70. Kf3 {[%clk 0:05:30]} Ke5
{[%clk 0:04:01]} 71. Ke3 {[%clk 0:05:57]} f4+ {[%clk 0:04:22]} 72. Kf3
{[%clk 0:06:19]} Kf5 {[%clk 0:04:39]} 73. Kf2 {[%clk 0:06:45]} Ke4
{[%clk 0:05:05]} 74. Ke2 {[%clk 0:07:10]} f3+ {[%clk 0:05:29]} 75. Kf2
{[%clk 0:07:23]} Kf4 {[%clk 0:05:53]} 76. Kf1 {[%clk 0:06:44]} Ke3
{[%clk 0:06:13]} 77. Ke1 {[%clk 0:07:10]} f2+ {[%clk 0:06:30]} 78. Kf1
{[%clk 0:07:36]} Nb6 {[%clk 0:06:52]} 0-1

[Event "Göteborg Open 2016"]
[Site "Idrottsvägen 2, Mölnlycke, Sweden"]
[Date "2016.08.21"]
[Round "8.1"]
[White "Åkesson, Joel"]
[Black "Kazakovskiy, Valeriy"]
[Result "1/2-1/2"]
[BlackElo "2342"]
[WhiteElo "2294"]
[LiveChessVersion "1.4.8"]

1. c4 {[%clk 1:30:48]} Nf6 {[%clk 1:30:51]} 2. g3 {[%clk 1:30:58]} e6
{[%clk 1:31:12]} 3. Bg2 {[%clk 1:31:20]} d5 {[%clk 1:31:12]} 4. Nf3
{[%clk 1:31:42]} dxc4 {[%clk 1:31:35]} 5. Qa4+ {[%clk 1:31:22]} c6
{[%clk 1:31:39]} 6. Qxc4 {[%clk 1:31:46]} b5 {[%clk 1:32:03]} 7. Qc2
{[%clk 1:30:51]} Bb7 {[%clk 1:32:19]} 8. O-O {[%clk 1:26:40]} Nbd7
{[%clk 1:31:36]} 9. a4 {[%clk 1:25:12]} a6 {[%clk 1:29:05]} 10. d3
{[%clk 1:19:44]} Be7 {[%clk 1:26:38]} 11. b3 {[%clk 1:14:15]} O-O
{[%clk 1:24:27]} 12. Bb2 {[%clk 1:13:04]} c5 {[%clk 1:24:38]} 13. axb5
{[%clk 1:05:23]} axb5 {[%clk 1:24:53]} 14. Rxa8 {[%clk 1:04:42]} Qxa8
{[%clk 1:23:31]} 15. Nc3 {[%clk 1:04:03]} Bc6 {[%clk 1:21:29]} 1/2-1/2